00314nam a2200133Ia 4500008004000000041000800040082001200048100001700060245002500077260004500102650000700147650001300154650001300167210210b1943 xxu||||| |||| 00| 0 eng d aeng a824/362 aWILSON (J D) aFortunes of falstaff aCambridgebAt the University Pressc1943 aof aFortunes afalstaff